000 00613nam a2200193Ia 4500
003 GCL
008 140319s9999 xx 000 0 ara d
040 _aGCL /
_cGCL
082 0 4 _a332.06
_bم د
100 1 _aمحمود مصطفى عيسى
245 1 0 _aدليل المستثمر العربى الى البورصات العالمية /
_cمحمود مصطفى عيسى
260 _aالقاهرة :
_bالمؤلف ،
_c2000
300 _aمج1(196 ص) ؛
_c24 سم
650 0 4 _aالاقتصاد
650 0 4 _aالاستثمار
650 0 4 _aالادلة
650 0 4 _aالبورصات
942 _2ddc
_cBK
999 _c7472
_d7472